000 00382pab a2200157 454500
008 180718b2002 xxu||||| |||| 00| 0 eng d
100 _aBalakrishnan, Pulapre
245 _aThe budget and the economy
260 _c2002
300 _ap.1083-085.
362 _a23 Mar
650 _aBudget - India
650 _aBudget
773 _aEconomic and Political Weekly
909 _a52054
999 _c52054
_d52054